Sir John Woodroffe & Syed Amir Ali’s Law of evidence / (Record no. 137637)
[ view plain ]
| 000 -LEADER | |
|---|---|
| fixed length control field | 01270nam a22002657a 4500 |
| 005 - DATE AND TIME OF LATEST TRANSACTION | |
| control field | 20170216113732.0 |
| 010 ## - LCCN (DPL NO) | |
| LC control number | ENG-117267-270 |
| 020 ## - INTERNATIONAL STANDARD BOOK NUMBER | |
| Terms of availability | 8500.00 (set of 4 vols.) |
| International Standard Book Number | 9789350358900 (4-vols.) |
| 035 ## - SYSTEM CONTROL NUMBER | |
| System control number | EN-100799-802 |
| 037 ## - SOURCE OF ACQUISITION | |
| Source of stock number/acquisition | DBAD/PUB |
| 082 ## - DEWEY DECIMAL CLASSIFICATION NUMBER | |
| Classification number | 347.5406 |
| 100 ## - MAIN ENTRY--PERSONAL NAME | |
| Personal name | Woodroffe, John George |
| 245 ## - TITLE STATEMENT | |
| Title | Sir John Woodroffe & Syed Amir Ali’s Law of evidence / |
| Statement of responsibility, etc | by John Woodroffe [and] Syed Amir Ali ; revised by B.M. Prasad [and] Manish Mohan |
| 246 ## - VARYING FORM OF TITLE | |
| Title proper/short title | Sir John Woodroffe and Syed Amir Ali’s Law of evidence |
| 246 ## - VARYING FORM OF TITLE | |
| Title proper/short title | Law of evidence |
| 250 ## - EDITION STATEMENT | |
| Edition statement | 20th ed.by B.M. Prasad and Manish Mohan |
| 260 ## - PUBLICATION, DISTRIBUTION, ETC. (IMPRINT) | |
| Place of publication, distribution, etc | Gurgaon |
| Name of publisher, distributor, etc | Lexis Nexis |
| Date of publication, distribution, etc | 2017 |
| 270 ## - ADDRESS | |
| Address | 14th Floor, Building No. 10, Tower-B, DLF Cyber City, Phase-II, |
| City | Gurgaon |
| Postal code | 122002 |
| 300 ## - PHYSICAL DESCRIPTION | |
| Extent | 4-vols.(ccIvi,1451,98p.; ccIxxxvii,1452-2972,98p.;ccxcv,2973-4370,98p.;ccxxxii,4371-5659,98p.) |
| Dimensions | 25cm(Hb) |
| 500 ## - GENERAL NOTE | |
| General note | Includes index |
| 505 ## - FORMATTED CONTENTS NOTE | |
| Formatted contents note | vol-1-the Indian Evidence Act,1872 Secs.-1to24--vol-2-the Indian Evidence Act,1872 secs 25to 90A---vol-3-the Indian Evidence Act,1872 secs 91 to 114A---vol-4-the Indian Evidence Act,1872 secs 115to 167and Appendices. |
| 700 ## - ADDED ENTRY--PERSONAL NAME | |
| Personal name | Ali, Syed Ameer, |
| 700 ## - ADDED ENTRY--PERSONAL NAME | |
| Personal name | Prasad, B.M. |
| 942 ## - ADDED ENTRY ELEMENTS (KOHA) | |
| Source of classification or shelving scheme | Dewey Decimal Classification |
| Item type | English Books |
| Call number suffix | WOO |
| Classification part | 347.5406 |
| Withdrawn status | Lost status | Materials specified (bound volume or other part) | Not for loan | Collection code | Home library | Current library | Date acquired | Source of acquisition | Cost, normal purchase price | Full call number | Barcode | Copy number | Cost, replacement price | Koha item type |
|---|---|---|---|---|---|---|---|---|---|---|---|---|---|---|
| vol-1 | Reference | Central Library | Central Library | 15/02/2017 | DBAD/PUB | 8500.00 | 347.5406 WOO | EN-100799 | 1 | 8500.00 | English Books | |||
| vol-2 | Reference | Central Library | Central Library | 15/02/2017 | DBAD/PUB | 8500.00 | 347.5406 WOO | EN-100800 | 1 | 8500.00 | English Books | |||
| vol-3 | Reference | Central Library | Central Library | 15/02/2017 | DBAD/PUB | 8500.00 | 347.5406 WOO | EN-100801 | 1 | 8500.00 | English Books | |||
| vol-4 | Non-fiction | Central Library | Central Library | 15/02/2017 | DBAD/PUB | 8500.00 | 347.5406 WOO | EN-100802 | 1 | 8500.00 | English Books |
